[Event "2. Bundesliga Ost 2009/2010"]
[Site "17+18.10Zwettl14+15.11Poechlarn"]
[Date "2010.03.28"]
[Round "9"]
[Board "6"]
[White "Steinert, Martin"]
[Black "Pichler, Michael"]
[Result "1/2-1/2"]
[ECO "C00"]
[WhiteElo "2127"]
[BlackElo "2154"]
[PlyCount "59"]
[EventDate "2009.10.17"]
[EventType "team"]
[EventRounds "11"]
[EventCountry "AUT"]
[WhiteTeam "Blackburne Nickelsdorf"]
[BlackTeam "Spg Data Technology Eichgraben/P."]

1.e4 e6 2.Qe2 c5 3.f4 Nc6 4.Nf3 d6 5.c3 Nge7 6.g3 g6 7.d3 Bg7 8.Bg2 O-O 9.Be3 b6
10.O-O Ba6 11.Bf2 Qd7 12.Nbd2 Rad8 13.Rfd1 e5 14.Nf1 Rfe8 15.Ne3 exf4 16.gxf4 d5
17.Qc2 dxe4 18.dxe4 Qc7 19.Bg3 Bh6 20.Ng4 Bg7 21.f5 Qc8 22.Bh3 gxf5 23.Nf2 Qa8
24.exf5 Nd5 25.Re1 Nf6 26.Ne5 Nxe5 27.Bxe5 Qc6 28.Bg2 Qc8 29.h3 Bb7 30.Bxf6

[Event "2. Bundesliga Ost 2009/2010"]
[Site "17+18.10Zwettl14+15.11Poechlarn"]
[Date "2010.03.28"]
[Round "9"]
[Board "1"]
[White "Blatny, Pavel"]
[Black "Bawart, Markus"]
[Result "1/2-1/2"]
[ECO "A01"]
[WhiteElo "2407"]
[BlackElo "2399"]
[PlyCount "62"]
[EventDate "2009.10.17"]
[EventType "team"]
[EventRounds "11"]
[EventCountry "AUT"]
[WhiteTeam "SK Zwettl"]
[BlackTeam "SK Advisory Invest Baden"]

1.b3 e5 2.Bb2 d6 3.g3 Nf6 4.Bg2 Be7 5.e3 O-O 6.Ne2 c6 7.O-O Nbd7 8.d4 Re8 9.dxe5
dxe5 10.Nbc3 Qc7 11.a4 a5 12.Qb1 Nc5 13.Qa2 Bf5 14.Ba3 Na6 15.Bxe7 Qxe7 16.Qb2
Rad8 17.Rad1 Nb4 18.e4 Bg4 19.h3 Bxe2 20.Nxe2 Qc5 21.c3 Na6 22.Qc2 Kf8 23.Rxd8
Rxd8 24.Rd1 Rxd1+ 25.Qxd1 Ke7 26.Kf1 Qd6 27.Qxd6+ Kxd6 28.Nc1 Nd7 29.Ke1 Ndc5
30.f3 b5 31.axb5 cxb5

[Event "2. Bundesliga Ost 2009/2010"]
[Site "17+18.10Zwettl14+15.11Poechlarn"]
[Date "2010.03.28"]
[Round "9"]
[Board "2"]
[White "Sulyok, Michael"]
[Black "Pisk, Petr"]
[Result "1/2-1/2"]
[ECO "A26"]
[WhiteElo "2240"]
[BlackElo "2346"]
[PlyCount "45"]
[EventDate "2009.10.17"]
[EventType "team"]
[EventRounds "11"]
[EventCountry "AUT"]
[WhiteTeam "SK Advisory Invest Baden"]
[BlackTeam "SK Zwettl"]

1.c4 g6 2.Nc3 Bg7 3.g3 Nf6 4.Bg2 O-O 5.Nf3 d6 6.O-O Nc6 7.d3 e5 8.Rb1 a5 9.a3 h6
10.b4 axb4 11.axb4 Be6 12.b5 Ne7 13.Bb2 Nd7 14.Ra1 Nc5 15.Rxa8 Qxa8 16.Nd2 Qc8
17.Re1 Bh3 18.Bh1 h5 19.Nde4 Ne6 20.Nd2 Nc5 21.Nde4 Ne6 22.Nd2 Nc5 23.Nde4

[Event "2. Bundesliga Ost 2009/2010"]
[Site "17+18.10Zwettl14+15.11Poechlarn"]
[Date "2010.03.28"]
[Round "9"]
[Board "3"]
[White "Vykydal, Frantisek"]
[Black "Kamaryt, Thomas"]
[Result "1/2-1/2"]
[ECO "B01"]
[WhiteElo "2218"]
[BlackElo "2073"]
[PlyCount "22"]
[EventDate "2009.10.17"]
[EventType "team"]
[EventRounds "11"]
[EventCountry "AUT"]
[WhiteTeam "SK Zwettl"]
[BlackTeam "SK Advisory Invest Baden"]

1.e4 d5 2.Nc3 dxe4 3.Nxe4 Qd5 4.Nc3 Qd6 5.Nf3 Nf6 6.Be2 a6 7.O-O Nc6 8.d3 b6
9.Ne4 Qd7 10.b3 e6 11.Bb2 Be7

[Event "2. Bundesliga Ost 2009/2010"]
[Site "17+18.10Zwettl14+15.11Poechlarn"]
[Date "2010.03.28"]
[Round "9"]
[Board "4"]
[White "Perndl, Johann"]
[Black "Wagner, Stefan"]
[Result "1/2-1/2"]
[ECO "C56"]
[WhiteElo "2051"]
[BlackElo "2158"]
[PlyCount "39"]
[EventDate "2009.10.17"]
[EventType "team"]
[EventRounds "11"]
[EventCountry "AUT"]
[WhiteTeam "SK Advisory Invest Baden"]
[BlackTeam "SK Zwettl"]

1.e4 e5 2.Nf3 Nc6 3.d4 exd4 4.Bc4 Nf6 5.O-O Nxe4 6.Re1 d5 7.Bxd5 Qxd5 8.Nc3 Qf5
9.Rxe4+ Be6 10.Nxd4 Nxd4 11.Qxd4 Bc5 12.Qa4+ c6 13.Be3 Bxe3 14.Rxe3 O-O 15.Rd1
a5 16.Qe4 Qh5 17.Qe5 Qxe5 18.Rxe5 b6 19.Rd6 Rfc8 20.f4

[Event "2. Bundesliga Ost 2009/2010"]
[Site "17+18.10Zwettl14+15.11Poechlarn"]
[Date "2010.03.28"]
[Round "9"]
[Board "5"]
[White "Janetschek, Karl"]
[Black "Geismann, Bernhard"]
[Result "1/2-1/2"]
[ECO "C82"]
[WhiteElo "2280"]
[BlackElo "2108"]
[PlyCount "51"]
[EventDate "2009.10.17"]
[EventType "team"]
[EventRounds "11"]
[EventCountry "AUT"]
[WhiteTeam "SK Zwettl"]
[BlackTeam "SK Advisory Invest Baden"]

1.e4 e5 2.Nf3 Nc6 3.Bb5 a6 4.Ba4 Nf6 5.O-O Nxe4 6.d4 b5 7.Bb3 d5 8.dxe5 Be6 9.c3
Bc5 10.Nbd2 O-O 11.Bc2 Nxf2 12.Rxf2 f6 13.exf6 Bxf2+ 14.Kxf2 Qxf6 15.Nf1 Ne5
16.Be3 c6 17.Bc5 Rf7 18.Qe2 Bg4 19.N1d2 Re8 20.Kf1 Re6 21.Qf2 Nxf3 22.Nxf3 Qf4
23.Kg1 Qc4 24.Bb3 Qf4 25.Bc2 Qc4 26.Bb3

[Event "2. Bundesliga Ost 2009/2010"]
[Site "17+18.10Zwettl14+15.11Poechlarn"]
[Date "2010.03.28"]
[Round "9"]
[Board "1"]
[White "Hodisch, Juri"]
[Black "Froschauer, Hans"]
[Result "1-0"]
[ECO "D35"]
[WhiteElo "2349"]
[BlackElo "2126"]
[PlyCount "93"]
[EventDate "2009.10.17"]
[EventType "team"]
[EventRounds "11"]
[EventCountry "AUT"]
[WhiteTeam "Aljechin/Wieden"]
[BlackTeam "ASVOE Pamhagen"]

1.d4 d5 2.c4 e6 3.Nc3 Nf6 4.cxd5 exd5 5.Bg5 c6 6.e3 Be7 7.Bd3 h6 8.Bf4 Be6 9.h3
Nbd7 10.Nf3 Qa5 11.O-O O-O 12.a3 Ne8 13.b4 Qd8 14.Na4 Bd6 15.Nc5 Qc7 16.Bxd6
Nxd6 17.Qc2 Nxc5 18.dxc5 Ne8 19.Rfc1 Nf6 20.a4 Rfe8 21.b5 Bd7 22.Rab1 Ne4 23.Rb4
Rac8 24.Bxe4 dxe4 25.Nd2 cxb5 26.axb5 f5 27.Nb3 Re5 28.c6 bxc6 29.Qb2 c5 30.Rbc4
Qd6 31.Ra4 Bxb5 32.Rxa7 Qb8 33.Ra8 Qxa8 34.Qxe5 c4 35.Qxf5 Ba6 36.Nc5 Qc6
37.Nxe4 Bb7 38.f3 Rf8 39.Qe5 Ba6 40.Qc5 Qxc5 41.Nxc5 Bb5 42.Rb1 Bc6 43.Kf2 Rc8
44.Ne6 c3 45.Rc1 Bd5 46.Nd4 Kf7 47.Ne2

[Event "2. Bundesliga Ost 2009/2010"]
[Site "17+18.10Zwettl14+15.11Poechlarn"]
[Date "2010.03.28"]
[Round "9"]
[Board "3"]
[White "Groetz, Harald"]
[Black "Galavics, Hermann"]
[Result "1-0"]
[ECO "C10"]
[WhiteElo "2332"]
[BlackElo "2041"]
[PlyCount "43"]
[EventDate "2009.10.17"]
[EventType "team"]
[EventRounds "11"]
[EventCountry "AUT"]
[WhiteTeam "Aljechin/Wieden"]
[BlackTeam "ASVOE Pamhagen"]

1.e4 e6 2.d4 d5 3.Nd2 dxe4 4.Nxe4 Nd7 5.Bd3 Ngf6 6.Nf3 c5 7.Nxf6+ Nxf6 8.dxc5
Bxc5 9.O-O Qc7 10.b3 Bd7 11.Bb2 Bd6 12.h3 O-O-O 13.Re1 Bc6 14.Nd4 Kb8 15.Nxc6+
Qxc6 16.Qe2 Nd5 17.Qf3 Nf4 18.Qxc6 bxc6 19.Be4 Kb7 20.Bxg7 Rhg8 21.Bf6 Bb4 22.c3

[Event "2. Bundesliga Ost 2009/2010"]
[Site "17+18.10Zwettl14+15.11Poechlarn"]
[Date "2010.03.28"]
[Round "9"]
[Board "4"]
[White "Horvath, Maria"]
[Black "Schlosser, Michael"]
[Result "1/2-1/2"]
[ECO "E84"]
[WhiteElo "2001"]
[BlackElo "2345"]
[PlyCount "96"]
[EventDate "2009.10.17"]
[EventType "team"]
[EventRounds "11"]
[EventCountry "AUT"]
[WhiteTeam "ASVOE Pamhagen"]
[BlackTeam "Aljechin/Wieden"]

1.d4 Nf6 2.c4 g6 3.Nc3 Bg7 4.e4 d6 5.f3 O-O 6.Be3 Nc6 7.Nge2 a6 8.Qd2 Rb8 9.Nc1
e5 10.d5 Nd4 11.N1e2 Nxe2 12.Bxe2 Nh5 13.O-O f5 14.exf5 gxf5 15.c5 Kh8 16.Bc4
Rg8 17.cxd6 cxd6 18.Ne2 f4 19.Bf2 Bf6 20.Kh1 Bh4 21.Qe1 Qg5 22.Rg1 Bxf2 23.Qxf2
b5 24.Bd3 Bd7 25.Be4 Ng3+ 26.Nxg3 Qh4 27.Qc2 fxg3 28.h3 Bc8 29.Bf5 Bxf5 30.Qxf5
Rbf8 31.Qd7 Qf6 32.Rac1 Rg7 33.Qc6 Rg6 34.Rge1 Qf5 35.Qc2 Qf7 36.Qe4 Qd7 37.Rc6
Rh6 38.Kg1 Rhf6 39.Re3 Rf4 40.Qc2 Qa7 41.Qc3 b4 42.Qc1 Rd4 43.Kh1 Rxd5 44.Re1
Qf2 45.Rc2 Rc5 46.Rxc5 dxc5 47.Rf1 Qd4 48.Rd1 Qf4

[Event "2. Bundesliga Ost 2009/2010"]
[Site "17+18.10Zwettl14+15.11Poechlarn"]
[Date "2010.03.28"]
[Round "9"]
[Board "5"]
[White "Hadjieff, Dieter"]
[Black "Rusek, Walter"]
[Result "1/2-1/2"]
[ECO "A06"]
[WhiteElo "2209"]
[BlackElo "1849"]
[PlyCount "70"]
[EventDate "2009.10.17"]
[EventType "team"]
[EventRounds "11"]
[EventCountry "AUT"]
[WhiteTeam "Aljechin/Wieden"]
[BlackTeam "ASVOE Pamhagen"]

1.Nf3 d5 2.e3 Bf5 3.c4 c6 4.Nc3 e6 5.Qb3 Qc7 6.d4 Be7 7.Bd2 Nd7 8.Rc1 Qb6 9.Qxb6
axb6 10.Be2 h6 11.O-O Ngf6 12.a3 O-O 13.Rfd1 Ne4 14.Nxe4 Bxe4 15.Be1 Nf6 16.Ne5
Rfd8 17.f3 Bh7 18.Nd3 dxc4 19.Rxc4 Nd5 20.Bf2 Bg5 21.f4 Be7 22.Bf3 b5 23.Rcc1
Bxd3 24.Rxd3 f5 25.Be1 Ra4 26.Bd2 Raa8 27.Kh1 Bd6 28.Rg1 Nf6 29.h3 h5 30.Be1 Kf7
31.Rb3 Rh8 32.g3 g6 33.Bd2 Ng4 34.Kg2 Nf6 35.Be1 Ra4

[Event "2. Bundesliga Ost 2009/2010"]
[Site "17+18.10Zwettl14+15.11Poechlarn"]
[Date "2010.03.28"]
[Round "9"]
[Board "1"]
[White "Farago, Ivan"]
[Black "Denk, Adolf"]
[Result "0-1"]
[ECO "A77"]
[WhiteElo "2511"]
[BlackElo "2257"]
[PlyCount "86"]
[EventDate "2009.10.17"]
[EventType "team"]
[EventRounds "11"]
[EventCountry "AUT"]
[WhiteTeam "ASVOE VHS Poechlarn"]
[BlackTeam "SK St. Poelten"]

1.d4 Nf6 2.c4 e6 3.Nf3 c5 4.d5 exd5 5.cxd5 d6 6.Nc3 g6 7.Nd2 Bg7 8.e4 O-O 9.Be2
Nbd7 10.O-O Re8 11.a4 b6 12.Rb1 a6 13.Qc2 Nh5 14.Bxh5 gxh5 15.Nc4 Ne5 16.Ne3 Ng4
17.Nxg4 hxg4 18.Bf4 Qf6 19.Bg3 Qg6 20.f4 gxf3 21.Rxf3 Bg4 22.Rff1 Bd4+ 23.Kh1
Be5 24.Bxe5 Rxe5 25.Rf4 Bd7 26.Rbf1 Rf8 27.Rf6 Qg7 28.Qf2 b5 29.Rxd6 f5 30.Rxd7
Qxd7 31.axb5 axb5 32.Qxc5 Qe7 33.d6 fxe4 34.Re1 Qf6 35.Qg1 Qxd6 36.h3 Qe6 37.Qe3
Re8 38.b4 Qg6 39.Kh2 Rg5 40.Re2 Qd6+ 41.g3 Rge5 42.Qf4 Qxb4 43.Nxe4 Qe7

[Event "2. Bundesliga Ost 2009/2010"]
[Site "17+18.10Zwettl14+15.11Poechlarn"]
[Date "2010.03.28"]
[Round "9"]
[Board "2"]
[White "Sadilek, Maximilian"]
[Black "Kostic, Vladimir"]
[Result "1/2-1/2"]
[ECO "B23"]
[WhiteElo "2207"]
[BlackElo "2430"]
[PlyCount "69"]
[EventDate "2009.10.17"]
[EventType "team"]
[EventRounds "11"]
[EventCountry "AUT"]
[WhiteTeam "SK St. Poelten"]
[BlackTeam "ASVOE VHS Poechlarn"]

1.e4 c5 2.Nc3 Nc6 3.Bb5 Nd4 4.Bc4 e6 5.Nge2 Nf6 6.O-O d5 7.exd5 exd5 8.Nxd5 Nxd5
9.Nxd4 cxd4 10.Qh5 Be6 11.Re1 Be7 12.Rxe6 O-O 13.Bxd5 fxe6 14.Bxe6+ Kh8 15.Bf5
Rxf5 16.Qxf5 d3 17.Qxd3 Qxd3 18.cxd3 Bc5 19.d4 Bxd4 20.d3 Rd8 21.Rb1 h6 22.Be3
Bxe3 23.fxe3 Rxd3 24.Kf2 Rd2+ 25.Kf3 b5 26.a3 Kh7 27.h3 Rc2 28.g3 a6 29.h4 Kg8
30.h5 Kf7 31.g4 Ke6 32.Kf4 Rf2+ 33.Kg3 Rc2 34.Kf4 Rf2+ 35.Kg3

[Event "2. Bundesliga Ost 2009/2010"]
[Site "17+18.10Zwettl14+15.11Poechlarn"]
[Date "2010.03.28"]
[Round "9"]
[Board "3"]
[White "Rumpl, Erwin"]
[Black "Steiner, Bruno"]
[Result "1-0"]
[ECO "E09"]
[WhiteElo "2334"]
[BlackElo "2184"]
[PlyCount "87"]
[EventDate "2009.10.17"]
[EventType "team"]
[EventRounds "11"]
[EventCountry "AUT"]
[WhiteTeam "ASVOE VHS Poechlarn"]
[BlackTeam "SK St. Poelten"]

1.Nf3 d5 2.d4 Nf6 3.c4 e6 4.g3 Be7 5.Bg2 O-O 6.O-O Nbd7 7.Qc2 c6 8.Nbd2 b6 9.e4
Bb7 10.e5 Ne8 11.Re1 Nc7 12.cxd5 cxd5 13.Nf1 a5 14.h4 Re8 15.Bg5 Nf8 16.N1h2 Qd7
17.Ng4 Rac8 18.Qc1 Na6 19.Qe3 Nb4 20.Bf6 Ng6 21.h5 Nc2 22.Qg5 Ba6 23.hxg6 fxg6
24.Qh4 Nxe1 25.Rxe1 Bb4 26.Ra1 Bd3 27.Bg5 Rc2 28.a3 Rxb2 29.axb4 Rb1+ 30.Rxb1
Bxb1 31.bxa5 bxa5 32.Nf6+ gxf6 33.exf6 Rf8 34.Ne5 Qc7 35.f7+ Rxf7 36.Nxf7 Qxf7
37.Be7 a4 38.Bc5 Kg7 39.Qd8 h6 40.Qd6 Qf5 41.Bh3 Qf3 42.Qe7+ Kh8 43.Bxe6 g5
44.Qe8+

[Event "2. Bundesliga Ost 2009/2010"]
[Site "17+18.10Zwettl14+15.11Poechlarn"]
[Date "2010.03.28"]
[Round "9"]
[Board "4"]
[White "Roehrl, Karl"]
[Black "Weinzettl, Ernst"]
[Result "0-1"]
[ECO "A47"]
[WhiteElo "2294"]
[BlackElo "2278"]
[PlyCount "96"]
[EventDate "2009.10.17"]
[EventType "team"]
[EventRounds "11"]
[EventCountry "AUT"]
[WhiteTeam "SK St. Poelten"]
[BlackTeam "ASVOE VHS Poechlarn"]

1.d4 Nf6 2.Nf3 e6 3.e3 c5 4.Bd3 b6 5.O-O Be7 6.Qe2 Bb7 7.Nbd2 cxd4 8.exd4 O-O
9.c3 d6 10.Ne4 Nbd7 11.Nxf6+ Nxf6 12.Bg5 a6 13.Bxf6 Bxf6 14.Be4 Bxe4 15.Qxe4 d5
16.Qe2 Qc7 17.a4 Rfb8 18.Ra2 Ra7 19.Rfa1 Be7 20.g3 Bd6 21.Kf1 Qc6 22.Ne1 Re8
23.Nf3 f6 24.Re1 e5 25.Raa1 e4 26.Nd2 Qc8 27.Kg1 f5 28.f4 Rf7 29.h4 Rfe7 30.Qe3
Re6 31.Re2 Rg6 32.Rg2 Qc6 33.Nf1 b5 34.axb5 axb5 35.Qd2 Rf6 36.Ne3 Rff8 37.Qd1
Bc7 38.Qb3 Rd8 39.Ra7 Rf7 40.Kf2 Bxf4 41.Rxf7 Bxe3+ 42.Kxe3 Kxf7 43.Rg1 Qh6+
44.Kf2 Qd2+ 45.Kf1 f4 46.gxf4 Qxf4+ 47.Ke1 Qe3+ 48.Kf1 Rd6

[Event "2. Bundesliga Ost 2009/2010"]
[Site "17+18.10Zwettl14+15.11Poechlarn"]
[Date "2010.03.28"]
[Round "9"]
[Board "5"]
[White "Loidl, Florian"]
[Black "Juenger, Heinz"]
[Result "1-0"]
[ECO "E72"]
[WhiteElo "2239"]
[BlackElo "2086"]
[PlyCount "105"]
[EventDate "2009.10.17"]
[EventType "team"]
[EventRounds "11"]
[EventCountry "AUT"]
[WhiteTeam "ASVOE VHS Poechlarn"]
[BlackTeam "SK St. Poelten"]

1.c4 Nf6 2.Nc3 g6 3.g3 Bg7 4.e4 d6 5.d4 O-O 6.Bg2 e5 7.Nge2 Nc6 8.d5 Ne7 9.b3 c6
10.Bb2 h6 11.Rc1 cxd5 12.exd5 Ne8 13.Rc2 Bd7 14.Qa1 Rc8 15.O-O b5 16.Nd1 Bf5
17.Rc3 e4 18.Rc1 bxc4 19.Bxg7 Nxg7 20.bxc4 Bg4 21.Nec3 Bxd1 22.Rfxd1 f5 23.Nb5
a6 24.Nd4 Qd7 25.Nb3 Qb7 26.c5 Nxd5 27.cxd6 Rxc1 28.Qxc1 Rd8 29.Qc5 Nf6 30.Bf1
Kh7 31.Na5 Qc8 32.Qxc8 Rxc8 33.Nb7 Nd7 34.a4 Rc6 35.a5 Ne8 36.Rd4 Kg7 37.Rc4
Rxc4 38.Bxc4 Nb8 39.Be6 Nf6 40.Nd8 Ne8 41.Nb7 Nf6 42.Kf1 Nfd7 43.Ke2 Kf6 44.Bc4
Ke5 45.Kd2 Kd4 46.Be6 Nc5 47.Nxc5 Kxc5 48.d7 Nc6 49.Bf7 Kd6 50.Bxg6 Kxd7
51.Bxf5+ Kc7 52.Bxe4 Nxa5 53.Kc3

[Event "2. Bundesliga Ost 2009/2010"]
[Site "17+18.10Zwettl14+15.11Poechlarn"]
[Date "2010.03.28"]
[Round "9"]
[Board "6"]
[White "Kammerer, Roman"]
[Black "Mittermayr, Gerhard"]
[Result "1-0"]
[ECO "C10"]
[WhiteElo "2099"]
[BlackElo "2139"]
[PlyCount "137"]
[EventDate "2009.10.17"]
[EventType "team"]
[EventRounds "11"]
[EventCountry "AUT"]
[WhiteTeam "SK St. Poelten"]
[BlackTeam "ASVOE VHS Poechlarn"]

1.e4 e6 2.d4 d5 3.Nd2 dxe4 4.Nxe4 Nd7 5.Nf3 Ngf6 6.Nxf6+ Nxf6 7.Bd3 Be7 8.O-O
O-O 9.c3 b6 10.Bb1 Bb7 11.Re1 c5 12.Qd3 cxd4 13.Nxd4 Qd5 14.Qh3 g6 15.a3 Rfd8
16.Ba2 Qh5 17.Bxe6 Bc5 18.Qxh5 Nxh5 19.Bg4 Nf6 20.Bf3 Bxf3 21.Nxf3 Ng4 22.Be3
Bxe3 23.fxe3 Rd3 24.e4 Re8 25.Re2 Ne5 26.Nxe5 Rxe5 27.Rf1 f5 28.Rfe1 f4 29.Kf2
g5 30.g3 f3 31.Re3 Rd2+ 32.Kxf3 Rxb2 33.R1e2 Rb3 34.c4 Rb1 35.Rd3 Rc1 36.Rd5 Re6
37.Rxg5+ Kf7 38.Rf5+ Ke7 39.Rh5 h6 40.g4 Rxc4 41.h4 a5 42.Rb5 Rf6+ 43.Rf5 Ra4
44.Re3 b5 45.g5 hxg5 46.hxg5 Rb6 47.Rb3 b4 48.axb4 axb4 49.Kf4 Ra1 50.Re5+ Kf7
51.Rf5+ Kg7 52.Ke5 Ra3 53.Rff3 Rb5+ 54.Kf4 Rxb3 55.Rxb3 Kg6 56.e5 Rb6 57.Ke4 Rb5
58.e6 Rxg5 59.Rf3 Rg1 60.Ke5 Re1+ 61.Kd6 Rd1+ 62.Ke7 Rb1 63.Kf8 Rh1 64.Ke8 Ra1
65.e7 Ra8+ 66.Kd7 Ra7+ 67.Kd6 Ra6+ 68.Kd5 Ra5+ 69.Kd4

[Event "2. Bundesliga Ost 2009/2010"]
[Site "17+18.10Zwettl14+15.11Poechlarn"]
[Date "2010.03.28"]
[Round "9"]
[Board "1"]
[White "Cvek, Robert"]
[Black "Hangweyrer, Manfred"]
[Result "1/2-1/2"]
[ECO "B06"]
[WhiteElo "2518"]
[BlackElo "2348"]
[PlyCount "60"]
[EventDate "2009.10.17"]
[EventType "team"]
[EventRounds "11"]
[EventCountry "AUT"]
[WhiteTeam "ASVOE SK Mattersburg"]
[BlackTeam "Austria Wien"]

1.d4 g6 2.e4 Bg7 3.Nc3 Nc6 4.d5 Nd4 5.Be3 c5 6.Qd2 d6 7.Nge2 Nxe2 8.Bxe2 Nf6
9.O-O O-O 10.a4 Bd7 11.h3 b6 12.Bh6 a6 13.Bxg7 Kxg7 14.f4 Qc7 15.Qe3 Qb7 16.e5
Ng8 17.Rad1 b5 18.Ne4 Qb8 19.axb5 axb5 20.g4 b4 21.f5 f6 22.e6 Bb5 23.Ra1 Bxe2
24.Qxe2 Qb7 25.Rad1 Qa6 26.Qg2 Qa2 27.b3 c4 28.bxc4 Qxc4 29.Rf2 Ra3 30.Rfd2 Re3

[Event "2. Bundesliga Ost 2009/2010"]
[Site "17+18.10Zwettl14+15.11Poechlarn"]
[Date "2010.03.28"]
[Round "9"]
[Board "2"]
[White "Nagy, Bence"]
[Black "Petran, Peter"]
[Result "1-0"]
[ECO "B06"]
[WhiteElo "2305"]
[BlackElo "2361"]
[PlyCount "81"]
[EventDate "2009.10.17"]
[EventType "team"]
[EventRounds "11"]
[EventCountry "AUT"]
[WhiteTeam "Austria Wien"]
[BlackTeam "ASVOE SK Mattersburg"]

1.e4 g6 2.d4 Bg7 3.Nc3 d6 4.Be2 a6 5.h4 h5 6.Nh3 Bxh3 7.Rxh3 Nc6 8.d5 Ne5 9.Bg5
Nf6 10.f3 c6 11.Qd2 cxd5 12.Nxd5 Nxd5 13.Qxd5 Qb6 14.Qb3 Qxb3 15.axb3 Rc8 16.c3
Nd7 17.Kf2 Bh6 18.b4 Kf8 19.Rhh1 Nb6 20.Bxh6+ Rxh6 21.b5 axb5 22.Ra7 Na4 23.Bxb5
Nc5 24.b4 Ne6 25.Bd7 Rb8 26.Rha1 Nc7 27.Bc6 Kg7 28.Rxb7 Rxb7 29.Bxb7 Rh8 30.Bc6
Kf6 31.Ra7 Ne6 32.Ra8 Rxa8 33.Bxa8 Nd8 34.c4 e6 35.f4 e5 36.Bd5 exf4 37.b5 Ke7
38.Kf3 Kd7 39.Kxf4 f6 40.g4 hxg4 41.Kxg4

[Event "2. Bundesliga Ost 2009/2010"]
[Site "17+18.10Zwettl14+15.11Poechlarn"]
[Date "2010.03.28"]
[Round "9"]
[Board "3"]
[White "Riedner, Martin"]
[Black "Liedl, Wolfgang"]
[Result "1-0"]
[ECO "A84"]
[WhiteElo "2189"]
[BlackElo "2211"]
[PlyCount "115"]
[EventDate "2009.10.17"]
[EventType "team"]
[EventRounds "11"]
[EventCountry "AUT"]
[WhiteTeam "ASVOE SK Mattersburg"]
[BlackTeam "Austria Wien"]

1.c4 f5 2.d4 g6 3.h4 Nf6 4.h5 Bg7 5.hxg6 hxg6 6.Rxh8+ Bxh8 7.Nf3 d6 8.Qd2 Kf7
9.Qh6 Qg8 10.Nc3 Qg7 11.Qh4 Ke8 12.Bg5 Nbd7 13.e3 c6 14.Be2 Qh7 15.O-O-O Qxh4
16.Nxh4 Kf7 17.f3 Nh7 18.Bh6 Bg7 19.Bxg7 Kxg7 20.e4 fxe4 21.fxe4 Ng5 22.Nf3 Nf7
23.d5 Nde5 24.dxc6 bxc6 25.c5 dxc5 26.Na4 c4 27.Nc5 Bg4 28.Nd4 Bxe2 29.Nxe2 Nd6
30.Nd4 Nd3+ 31.Nxd3 cxd3 32.Rxd3 Rc8 33.e5 Nc4 34.Ne6+ Kg8 35.Rd7 Nxe5 36.Rxe7
a5 37.Rg7+ Kh8 38.Ra7 Nd3+ 39.Kc2 Ne1+ 40.Kc3 Nxg2 41.Rxa5 Re8 42.Nd4 Kg7
43.Ra7+ Kf6 44.Rc7 g5 45.Rxc6+ Ke5 46.b4 g4 47.b5 Kd5 48.Nf5 Re5 49.Rf6 g3 50.b6
Nf4 51.Nxg3 Re3+ 52.Kc2 Rxg3 53.Rxf4 Kc6 54.Rb4 Kb7 55.a4 Ra3 56.Kb2 Rg3 57.a5
Rg7 58.Kb3

[Event "2. Bundesliga Ost 2009/2010"]
[Site "17+18.10Zwettl14+15.11Poechlarn"]
[Date "2010.03.28"]
[Round "9"]
[Board "4"]
[White "Newrkla, Katharina"]
[Black "Brod, Manfred"]
[Result "1-0"]
[ECO "B86"]
[WhiteElo "2083"]
[BlackElo "2165"]
[PlyCount "137"]
[EventDate "2009.10.17"]
[EventType "team"]
[EventRounds "11"]
[EventCountry "AUT"]
[WhiteTeam "Austria Wien"]
[BlackTeam "ASVOE SK Mattersburg"]

1.e4 c5 2.Nf3 e6 3.d4 cxd4 4.Nxd4 Nf6 5.Nc3 d6 6.Bc4 Be7 7.Bb3 O-O 8.O-O Na6
9.f4 Nc5 10.e5 dxe5 11.fxe5 Nfd7 12.Be3 Nxe5 13.Qh5 Nxb3 14.axb3 Nd7 15.Ndb5 a6
16.Rfd1 f5 17.Qe2 Rf6 18.Kh1 Rg6 19.Bf4 Qb6 20.Nc7 Qc6 21.Nxa8 e5 22.Qc4+ Qxc4
23.bxc4 exf4 24.Nd5 Bg5 25.Re1 Kf7 26.Nac7 Nc5 27.Nc3 Bd7 28.N7d5 Bc6 29.Re5 Bf6
30.Rxf5 Ne6 31.Ne4 Nd4 32.Rxf4 Nxc2 33.Rc1 Ba4 34.Nexf6 gxf6 35.Rcf1 Bb3
36.Rxf6+ Kg7 37.Rf7+ Kh6 38.Ne7 Bxc4 39.Nxg6 hxg6 40.R1f2 Bxf7 41.Rxf7 b5 42.Ra7
Nb4 43.g3 Nd3 44.Rxa6 b4 45.Rb6 Nxb2 46.Rxb4 Nd3 47.Rb5 Nf2+ 48.Kg2 Ng4 49.h3
Nf6 50.Kf3 g5 51.g4 Kg6 52.Ra5 Nd7 53.Ke4 Nf6+ 54.Kd4 Nd7 55.Ra6+ Kf7 56.Ra7 Ke6
57.Rxd7 Kxd7 58.Ke5 Ke7 59.Kf5 Kf7 60.Kxg5 Kg7 61.h4 Kh7 62.Kf6 Kg8 63.Kg6 Kh8
64.Kf7 Kh7 65.g5 Kh8 66.h5 Kh7 67.g6+ Kh8 68.g7+ Kh7 69.g8=Q+

[Event "2. Bundesliga Ost 2009/2010"]
[Site "17+18.10Zwettl14+15.11Poechlarn"]
[Date "2010.03.28"]
[Round "9"]
[Board "5"]
[White "Salamon, Werner"]
[Black "Rogetzer, Klaus"]
[Result "1/2-1/2"]
[ECO "B13"]
[WhiteElo "2130"]
[BlackElo "2073"]
[PlyCount "68"]
[EventDate "2009.10.17"]
[EventType "team"]
[EventRounds "11"]
[EventCountry "AUT"]
[WhiteTeam "ASVOE SK Mattersburg"]
[BlackTeam "Austria Wien"]

1.e4 c6 2.d4 d5 3.exd5 cxd5 4.Bd3 Nc6 5.c3 Qc7 6.Ne2 Bg4 7.h3 Bh5 8.O-O e6 9.Qa4
Bd6 10.Na3 Qd7 11.Nf4 Nf6 12.Nxh5 Nxh5 13.Re1 O-O 14.Qd1 Nf6 15.Nc2 e5 16.dxe5
Nxe5 17.Bg5 Nxd3 18.Qxd3 Ne4 19.Be3 Bc7 20.Nd4 Rad8 21.Nb5 a6 22.Nxc7 Qxc7
23.Bd4 Qf4 24.Qe3 Qxe3 25.Rxe3 f5 26.f3 f4 27.Re2 Ng3 28.Re7 Rf7 29.Rae1 Nf5
30.Re8+ Rf8 31.Rxf8+ Kxf8 32.Re6 Re8 33.Rxe8+ Kxe8 34.Be5 g5

[Event "2. Bundesliga Ost 2009/2010"]
[Site "17+18.10Zwettl14+15.11Poechlarn"]
[Date "2010.03.28"]
[Round "9"]
[Board "6"]
[White "Steiner, Johann"]
[Black "Savio, Alfred Jun."]
[Result "1-0"]
[ECO "B13"]
[WhiteElo "2065"]
[BlackElo "2040"]
[PlyCount "49"]
[EventDate "2009.10.17"]
[EventType "team"]
[EventRounds "11"]
[EventCountry "AUT"]
[WhiteTeam "Austria Wien"]
[BlackTeam "ASVOE SK Mattersburg"]

1.e4 c6 2.d4 d5 3.exd5 cxd5 4.Bd3 Nc6 5.c3 Nf6 6.Ne2 e6 7.O-O Qc7 8.a4 Bd6 9.Ng3
O-O 10.Bg5 Be7 11.f4 h6 12.Bxf6 Bxf6 13.Nh5 Qe7 14.Rf3 Nxd4 15.Nxf6+ Qxf6
16.cxd4 Qxd4+ 17.Rf2 e5 18.fxe5 Qxe5 19.Nc3 Be6 20.Qd2 Rac8 21.Re1 Qd6 22.Bb1
Rfe8 23.Rfe2 Red8 24.Qd3 g6 25.Rxe6

[Event "2. Bundesliga Ost 2009/2010"]
[Site "17+18.10Zwettl14+15.11Poechlarn"]
[Date "2010.04.17"]
[Round "10"]
[Board "2"]
[White "Hangweyrer, Manfred"]
[Black "Kleiser, Gregor"]
[Result "1/2-1/2"]
[ECO "B40"]
[WhiteElo "2348"]
[BlackElo "2313"]
[PlyCount "110"]
[EventDate "2009.10.17"]
[EventType "team"]
[EventRounds "11"]
[EventCountry "AUT"]
[WhiteTeam "Austria Wien"]
[BlackTeam "SV Tschaturanga Neubau"]

1.e4 c5 2.Nf3 e6 3.g3 Be7 4.Bg2 Nc6 5.O-O d6 6.d4 cxd4 7.Nxd4 Nf6 8.Nxc6 bxc6
9.e5 dxe5 10.Qxd8+ Kxd8 11.Bxc6 Rb8 12.Nd2 Nd5 13.a3 Kc7 14.Ba4 Ba6 15.Re1 f6
16.b4 Nc3 17.Bb3 Ne2+ 18.Kg2 Rhd8 19.Ne4 Nd4 20.Be3 Bb7 21.f3 f5 22.Bxd4 Rxd4
23.Nf2 e4 24.Bxe6 g6 25.Kg1 Kd6 26.Bb3 exf3 27.Re6+ Kd7 28.Rae1 Bd6 29.c4 Be4
30.Nxe4 fxe4 31.R6xe4 Rxe4 32.Rxe4 a5 33.Ba4+ Kc7 34.c5 Bf8 35.Rf4 Bh6 36.Rf7+
Kc8 37.Kf2 axb4 38.Rxh7 bxa3 39.Bd7+ Kd8 40.Be6 Bf8 41.c6 Be7 42.Kxf3 Rb2 43.c7+
Kxc7 44.Rxe7+ Kd6 45.Re8 a2 46.Bxa2 Rxa2 47.h4 Kd7 48.Re4 Ra5 49.Rg4 Ra6 50.Kf4
Ke7 51.Kg5 Kf7 52.Kh6 Rf6 53.Rf4 Rxf4 54.gxf4 Kf6 55.Kh7 Kf7